Vydavateľská činnosť Národného osvetového centra za roky 1953-1993. 1. diel, Súhrnná bibliografia /
Uložené v:
| Ďalší autori: | |
|---|---|
| Médium: | Kniha |
| Jazyk: | Slovak |
| Vydané: |
Bratislava :
Národné osvetové centrum,
1993.
|
| Vydanie: | 1. vyd. |
| Témy: | |
| ISBN: |
8071210498 (brož.) |
| Fyzický popis: |
211 s. |
| Tagy: |
Pridať tag
Žiadne tagy, Buďte prvý kto otaguje tento záznam!
|
Titul je dostupný aj v ... 

MARC
| LEADER | 00000nam a2200000 a 4500 | ||
|---|---|---|---|
| 001 | 000071249 | ||
| 003 | SVKK | ||
| 005 | 20101229115745.0 | ||
| 008 | 990311s1993 xo e sloo | ||
| 020 | |a 8071210498 (brož.) | ||
| 040 | |a SVKKK |b slo |c SVKKK |e AACR2 | ||
| 041 | 0 | |a slo | |
| 044 | |a xo |c SK | ||
| 080 | |a 015(437.6)"1953/1993" |2 1997 | ||
| 245 | 0 | 0 | |a Vydavateľská činnosť Národného osvetového centra za roky 1953-1993. |n 1. diel, |p Súhrnná bibliografia / |c zostavil Samuel Bakoš. |
| 246 | 3 | 0 | |a Súhrnná bibliografia |
| 250 | |a 1. vyd. | ||
| 260 | |a Bratislava : |b Národné osvetové centrum, |c 1993. | ||
| 300 | |a 211 s. | ||
| 653 | 0 | |a bibliografie národné slovenské |2 SVKKKPH | |
| 653 | 0 | |a r. 1953-1993 |2 SVKKKPH | |
| 655 | 7 | |a bibliografie |2 SVKKKPH | |
| 700 | 1 | |a Bakoš, Samuel, |d 1932- |4 com | |
| 910 | |a svkkk | ||
| 919 | |a 80-7121-049-8 | ||
| 974 | |a MI |d 19990311 | ||
| 974 | |a PA |d 19990311 | ||
| 974 | |a PA |d 19991007 | ||
| 998 | |a BK | ||
| 090 | |g SCKHL |k Sklad Pribinova 2. posch. |a III.164661 |j 875022 |i 2720628597 |s Absenčne | ||